| 000 | 00732 a2200241 4500 | ||
|---|---|---|---|
| 005 | 20260309121030.0 | ||
| 008 | 260309b |||||||| |||| 00| 0 eng d | ||
| 020 | _a978-1-138-08164-2 | ||
| 037 | _cREF | ||
| 040 |
_aCRL _cCRL |
||
| 041 |
_2eng _aeng |
||
| 084 |
_aU8g Q2 _qCRL |
||
| 245 | _aRoutledge handbook of tourism research | ||
| 260 |
_aNew York, USA: _bLondon, _c2012. |
||
| 300 | _axxx, 431p. | ||
| 365 |
_b50.99 _cGBP |
||
| 650 | _aTravel | ||
| 650 | _aGeography | ||
| 700 |
_aHsu, Cathy H. C. _eEditor, _91131332 |
||
| 700 |
_aGartner, William C. _eEditor, _91131333 |
||
| 942 |
_cTB _2CC _hU8g Q2 |
||
| 999 |
_c1678611 _d1678611 |
||